| 000 | 00000nas 2200000za 4500 |
| 001 | 9.507613 |
| 003 | CaOODSP |
| 005 | 20221107133812 |
| 007 | cr ||||||||||| |
| 008 | 150406d20062006oncar p o||||f| |0eng|d |
| 040 | |aCaOODSP|beng |
| 043 | |an-cn--- |
| 086 | 1 |aIu20-3E-PDF |
| 110 | 1 |aCanada. |bOffice of Consumer Affairs. |
| 245 | 10|aOffice of Consumer Affairs plan |h[electronic resource]. |
| 260 | |aOttawa : |bIndustry Canada |
| 310 | |aAnnual |
| 362 | 0 |a2004/2006. |
| 500 | |aIssued also in French under title: Plan d'activités du Bureau de la consommation. |
| 775 | 08|tPlan d'activités du Bureau de la consommation |w(CaOODSP)9.503997 |
| 780 | 00|tBusiness plan |w(CaOODSP)9.507612 |
| 785 | 00|tWork plan |w(CaOODSP)9.507614 |